000 00547cam a22001457a 4500
999 _c510400
_d510400
008 180718b-- xxu||||| |||| 00| 0 eng d
082 _aL806x54 F/2017-18
245 _aFinance accounts, Union Government, 2017-18
260 _aDelhi
_bThe Controller of Publications
_c2018
300 _a555p.
500 _aLibrary has 1991/92-2003/04, 2005/06-2007/08, 2009/10, 2017/18
650 _aFinance, Public - Auditing - India
_98342
700 _aIndia. Ministry of Finance. Department of Expenditure. Controller General of Accounts
_98343
942 _2ddc